000 00500nam a2200205Ia 4500
003 OSt
005 20230509090748.0
008 210423s2007 xx 000 0 und d
020 _a8183562159
040 _cAL
041 _aeng
082 _a660.634 PRAM
100 _aPRAKASH (M).
_9100165
245 _aEnzyme biotechnology.
260 _aNew Delhi
_bDiscovery Publishing House
_c2007
300 _a10,319
_bHB
365 _b825
_cINR
906 _abiotechnology ; Enzyme
942 _2ddc
_cBK
999 _c163480
_d163480